000 00336nam a2200145 4500
008 190122s1996||||xo d
100 1 _aHartl Bretislav
_9798
245 1 0 _aKamen múdrosti
250 _a1. vydanie
260 _bMladé letá
_aBratislava
_c1996
020 _c0
041 1 _aslo
044 _axo
_cSK
958 _aAPR
999 _c22000
_d22000